LIBRARY & INFORMATION CENTRE, KCAET, TAVANUR

ONLINE PUBLIC ACCESS CATALOGUE (OPAC)

Recommendations on stacking and storage of constitution materials of site, IS 4082-1977 / (Record no. 9732)

MARC details
000 -LEADER
fixed length control field 00699cam a2200145ua 4500
041 ## - LANGUAGE CODE
Language code of text/sound track or separate title eng
082 ## - DEWEY DECIMAL CLASSIFICATION NUMBER
Classification number 691.004
Item number IND/RE
245 ## - TITLE STATEMENT
Title Recommendations on stacking and storage of constitution materials of site, IS 4082-1977 /
260 ## - PUBLICATION, DISTRIBUTION, ETC. (IMPRINT)
Place of publication New Delhi :
Name of publisher Indian Standards Institution ,
Year of publication 1986.
300 ## - PHYSICAL DESCRIPTION
Number of Pages 13 ; .
942 ## - ADDED ENTRY ELEMENTS (KOHA)
Koha item type Books
Holdings
Withdrawn status Lost status Damaged status Home library Current library Date acquired Full call number Accession Number Koha item type
      KAUAET KAUAET 07/04/2012 691.004 17240 Standards
free website counter